000 01355nam a2200241Ia 4500
999 _c37626
_d37626
001 3598
003 GE_BSU
005 20190624214441.0
008 181216s2005||||ge |||||||||||||| ||geo||
040 _cGE_BSU
041 _ageo
080 _a342.7(036) მ–19
100 _aმაკოვეი, მონიკა
_92875
245 _aგამოხატვის თავისუფლება.
_bადამიანის უფლებათა ევროპული კონვენციის მე–10 მუხლის განხორციელება: გზამკვლევი.
_cავტ.: მონიკა მაკოვეი ; მთარგმნ.: ლაშა ჭელიძე და სხვ. ; რედ.: ლაშა ჭელიძე
264 _aთბილისი :
_bშპს "პეტიტი",
_c2005.
300 _a161 გვ. ;
_b16 სმ.
504 _a ბიბლიოგრ. ტექსტ. შენიშვნ.
653 _aადამიანის უფლებათა დაცვა
653 _aგამოხატვის თავისუფლება
700 _aჭელიძე, ლაშა
_eმთარგმნელი
_91297
700 _aჭელიძე, ლაშა
_eრედაქტორი
_91297
942 _cBK
_2udc